Nuevos formatos de televisión educativas. (Registro nro. 39368)

Detalles MARC
000 -LEADER
fixed length control field 01525nam a2200325 4500
001 - CONTROL NUMBER
control field 0000017568
003 - CONTROL NUMBER IDENTIFIER
control field CO-CtgCURN
005 - DATE AND TIME OF LATEST TRANSACTION
control field 20250429224119.0
007 - PHYSICAL DESCRIPTION FIXED FIELD--GENERAL INFORMATION
fixed length control field ta
008 - FIXED-LENGTH DATA ELEMENTS--GENERAL INFORMATION
fixed length control field 160627s2006 000 0 eng d
020 ## - INTERNATIONAL STANDARD BOOK NUMBER
International Standard Book Number 9589785042
040 ## - CATALOGING SOURCE
Original cataloging agency CO-CtgCURN
Language of cataloging spa
Transcribing agency coctgcurn
082 0# - DEWEY DECIMAL CLASSIFICATION NUMBER
Classification number 371.33
Item number C718n
110 2# - MAIN ENTRY--CORPORATE NAME
Corporate name or jurisdiction name as entry element Colombia. Comision Nacional de Televisión.
245 10 - TITLE STATEMENT
Title Nuevos formatos de televisión educativas.
260 ## - PUBLICATION, DISTRIBUTION, ETC.
Place of publication, distribution, etc. Bogotá :
Name of publisher, distributor, etc. Comision Nacional de Televisión,
Date of publication, distribution, etc. 2006.
300 ## - PHYSICAL DESCRIPTION
Extent 602 p.
336 ## - CONTENT TYPE
Source rdacontent
337 ## - MEDIA TYPE
Source rdamedia
Media type term sin mediacion
Media type code n
338 ## - CARRIER TYPE
Source rdacarrier
Carrier type term volumen
Carrier type code nc
490 1# - SERIES STATEMENT
Series statement Programa de Investigaciones academicas sobre televisión ;
Volume/sequential designation 1
500 ## - GENERAL NOTE
General note Incluye anexos.
504 ## - BIBLIOGRAPHY, ETC. NOTE
Bibliography, etc. note Incluye bibliografia al final de cada capitulo.
505 8# - FORMATTED CONTENTS NOTE
Formatted contents note Formacion ciudadana y constitucional a traves de la televisión: una propuesta de jovenes para jovenes -- Efectos de un modelo de televisión educativa en la formacion academica universitaria - Producción, validacion y medicion del impacto de un formato de televisión para fomentar el interes y conocimiento de la ciencia y la tecnología en niños de 8 a 14 años -- Hacia un sistema de televisión educativa publica regional: un nuevo enfoque y convergencia tecnologica
650 14 - SUBJECT ADDED ENTRY--TOPICAL TERM
Topical term or geographic name entry element Televisión en la educación.
710 2# - ADDED ENTRY--CORPORATE NAME
Corporate name or jurisdiction name as entry element Canal Universitario de Antioquia.
908 ## - PUT COMMAND PARAMETER (RLIN)
Put command parameter 160627
942 ## - ADDED ENTRY ELEMENTS (KOHA)
Koha item type Libros
Classification part 371.33
Item part C718n
Source of classification or shelving scheme Dewey Decimal Classification
Existencias
Withdrawn status Lost status Source of classification or shelving scheme Damaged status Not for loan Collection Home library Current library Shelving location Date acquired Inventory number Total checkouts Full call number Barcode Date last seen Price effective from Koha item type Public note
    Dewey Decimal Classification     General Miguel Henríquez Castañeda Miguel Henríquez Castañeda General 04/29/2025 014322   371.33 C718n 014322 04/29/2025 04/29/2025 Libros 370-EDUCAC